| 000 | 00657cab a22002055a 4500 | ||
|---|---|---|---|
| 001 | L158954 | ||
| 008 | 151030e20151017xxk 000 0 eng d | ||
| 035 | _a(Sirsi) u158954 | ||
| 041 | 0 | _aeng | |
| 100 | 1 | _aFetherstonhaugh, G. | |
| 245 | 0 | 0 | _aConflict in a cosy world |
| 260 | _c2015 | ||
| 490 |
_aEstates Gazette _v(1541) 17 October 2015, 80-82(3) |
||
| 520 | _aDeals with disputes and perception of bias. Includes information about potential concerns such as conflict of interest and wrongful sharing of information. | ||
| 590 | _aKA | ||
| 651 | 4 | _aUnited Kingdom | |
| 690 |
_aDispute resolution _96236 |
||
| 700 | 1 | _aBradford, Katie | |
| 942 | _n0 | ||
| 999 |
_c84748 _d84748 |
||